[Event "SVK-ch rapid"]
[Site "Topolcany"]
[Date "2020.07.11"]
[Round "9"]
[White "Sosovickova, Jana"]
[Black "Fenik, Jozef"]
[Result "0-1"]
[WhiteElo "1619"]
[BlackElo "2004"]
[PlyCount "74"]
[EventDate "2020.07.11"]
[EventType "swiss (rapid)"]
[EventRounds "9"]
[EventCountry "SVK"]
[SourceTitle "CBM 197 Extra"]
[Source "ChessBase"]
[SourceDate "2020.09.30"]
[SourceVersion "1"]
[SourceVersionDate "2020.09.30"]
[SourceQuality "1"]

1. e4 d6 2. d4 Nf6 3. Nc3 e5 4. dxe5 dxe5 5. Qxd8+ Kxd8 6. Bg5 Be6 7. 0-0-0+ Nbd7 8. Nf3 Kc8 9. a3 c6 10. Nd2 Ng4 11. Bh4 Bc5 12. f3 Nf2 13. Bxf2 Bxf2 14. Bc4 Nc5 15. Bxe6+ Nxe6 16. Nc4 f6 17. Rd2 Bc5 18. Kb1 Kc7 19. Rhd1 Rad8 20. Rxd8 Nxd8 21. Ne2 b5 22. Na5 Bb6 23. Nb3 a5 24. Nc3 a4 25. Nc1 Ne6 26. N3e2 g6 27. Nd3 Rd8 28. Nc3 Ba5 29. Nb4 Rf8 30. Kc1 Nd4 31. Rd2 h5 32. Ne2 Ne6 33. Rd1 h4 34. h3 Bb6 35. Nc3 Nf4 36. Re1 Nxg2 37. Ne2 Nxe1 0-1

[Event "SVK-ch U18"]
[Site "Stara Lubovna"]
[Date "2014.04.07"]
[Round "3"]
[White "Istona, Martin"]
[Black "Fenik, Jozef"]
[Result "0-1"]
[WhiteElo "2097"]
[BlackElo "1750"]
[PlyCount "76"]
[EventDate "2014.04.05"]
[EventType "swiss"]
[EventRounds "9"]
[EventCountry "SVK"]
[SourceTitle "EXT 2016"]
[Source "ChessBase"]
[SourceDate "2015.10.08"]
[SourceVersion "1"]
[SourceVersionDate "2015.10.08"]
[SourceQuality "1"]

1. e4 e6 2. d4 d5 3. Nc3 Nf6 4. e5 Nfd7 5. Nce2 c5 6. f4 Nc6 7. c3 a6 8. Nf3 b5 9. a3 Be7 10. Be3 c4 11. g3 Nb6 12. Bh3 g6 13. 0-0 Bd7 14. Ne1 h5 15. Nc2 Qc7 16. Bf2 0-0-0 17. Ne3 Bf8 18. Bg2 Ne7 19. Bf3 Nf5 20. Ng2 Be7 21. Ne1 Bc6 22. h3 g5 23. fxg5 Bxg5 24. h4 Be3 25. Ng2 Bxf2+ 26. Rxf2 Rdg8 27. Kh2 f6 28. Ngf4 fxe5 29. dxe5 Qxe5 30. Qd2 Qd6 31. Rd1 Nd7 32. Nd4 Nxd4 33. cxd4 Nf6 34. Re1 Ne4 35. Bxe4 dxe4 36. Qa5 Kb7 37. a4 Qxd4 38. axb5 Qxf2+ 0-1